| 000 | 00745nam a22002177a 4500 | ||
|---|---|---|---|
| 003 | 0 | ||
| 005 | 20250324092457.0 | ||
| 008 | 250324b xxu||||| |||| 00| 0 eng d | ||
| 020 | _a978-1-394-22532-3 | ||
| 050 |
_aHF 5657.4 _b.W49 2024 |
||
| 100 | _aWeygandt, Jerry J. | ||
| 245 |
_aManagerial accounting _btools for business decision making _cJerry J. Weygandt and two others. |
||
| 250 | _aNinth edition | ||
| 260 |
_aNew Jersey _bJohn Wiley & Sons, Inc _c2024 |
||
| 300 |
_axxii, 784 pages : _bcolored illustrations and pictures ; _c28cm |
||
| 504 | _aIncludes bibliographical references, index, and appendices. | ||
| 650 | _aManagerial accounting. | ||
| 700 | _aKimmel, Paul D. | ||
| 700 | _aMitchell, Jill E. | ||
| 942 |
_2lcc _cBK |
||
| 999 |
_c367313 _d367313 |
||